| 000 | 00943cam a22002774a 4500 | ||
|---|---|---|---|
| 001 | 16876472 | ||
| 005 | 20140407144828.0 | ||
| 008 | 110715s2011 xxuabd frb 001 0 eng d | ||
| 020 | _a9781588267696 (alk. paper) | ||
| 040 |
_aIEN/DLC _cDLC _dDLC |
||
| 043 | _af------ | ||
| 082 | 0 | 4 |
_a338.96 _222 _bMOS |
| 100 | 1 |
_aMoss, Todd J., _d1970- _935901 |
|
| 245 | 1 | 0 |
_aAfrican development : _bmaking sense of the issues and actors / _cTodd J. Moss. |
| 250 | _a2nd ed. | ||
| 260 |
_aBoulder, United States ; _aLondon : _bLynne Rienner Publishers, Inc., _c2011. |
||
| 300 |
_axi, 283 p. : _bcharts, maps, tables ; _c23 cm. |
||
| 500 | _aIndex : p. 275-282. | ||
| 504 | _aBibliography : p. 261-274. | ||
| 650 | 0 |
_aEconomic assistance _zAfrica _935902 |
|
| 651 | 0 |
_aAfrica _xEconomic conditions _y1960- _932332 |
|
| 651 | 0 |
_aAfrica _xEconomic policy _932385 |
|
| 653 |
_bBUSBOL _cApril2014 |
||
| 655 |
_vreading book _934232 |
||
| 942 |
_2ddc _k338.96 MOS |
||
| 999 |
_c18217 _d18189 |
||